00819cam a2200241 a 450000100090000000300040000900500170001300800410003001000170007102000150008803500220010304000180012504200100014304300120015305000180016508200200018310000210020324501870022426000540041130000400046565000440050571000280054913652444OSt20230606112027.0040430s2002 ke a 000 0 eng  a 2004360237 a1899805109 a(DLC) 2004360237 aDLCcDLCdDLC alcode af-ke---00aKSK1744b200200a342.026762bKIH1 aKihoro, Wanyiri.12aA vision of the future from the past :bessential public documents in the making of the new Kenya constitution /cedited with commentary by Wanyiri Kihoro ; foreword by S. Amos Wako. aNairobi, Kenya :bABANTU for Development,cc2002. aviii, 128 p. :bcol. ill. ;c25 cm. 0aConstitutional historyzKenyavSources.2 aABANTU for Development.